| 000 | 00549nam a2200193Ia 4500 | ||
|---|---|---|---|
| 005 | 20250508153203.0 | ||
| 008 | 008 250505s9999 xx 000 0 eng d | ||
| 037 | _aTextual | ||
| 040 |
_aFEDL _beng _cFEDL |
||
| 041 |
_aeng _2eng |
||
| 084 |
_a378.13, GAR _qFEDL |
||
| 100 |
_aGardner George Ed. _9763356 |
||
| 245 | 0 | _aNew horizons in education: The benefits of study abroad | |
| 260 | _c1961 | ||
| 300 | _axxxiii,526p. | ||
| 700 |
_a Washburn Stanley Ed. _9763357 |
||
| 942 |
_cTEXL _h378.13, GAR |
||
| 999 |
_c1341124 _d1341124 |
||